Maintenance Engineering and Mangement: (Record no. 188681)

MARC details
000 -LEADER
fixed length control field 00595nam a22001937a 4500
005 - DATE AND TIME OF LATEST TRANSACTION
control field 20220601122341.0
010 ## - LCCN (DPL NO)
LC control number ENG-132912
020 ## - INTERNATIONAL STANDARD BOOK NUMBER
International Standard Book Number 9789352301621
Terms of availability 350.00
035 ## - SYSTEM CONTROL NUMBER
System control number EN-116444
037 ## - SOURCE OF ACQUISITION
Source of stock number/acquisition DBAD/PUB
082 ## - DEWEY DECIMAL CLASSIFICATION NUMBER
Classification number 620.0046
100 ## - MAIN ENTRY--PERSONAL NAME
Personal name Kiran, D.R.
245 ## - TITLE STATEMENT
Title Maintenance Engineering and Mangement:
Remainder of title Precepts and Practices/
Statement of responsibility, etc D.R. Kiran
250 ## - EDITION STATEMENT
Edition statement Second Edition
260 ## - PUBLICATION, DISTRIBUTION, ETC. (IMPRINT)
Place of publication, distribution, etc Hyderabad
Name of publisher, distributor, etc BS Publications
Date of publication, distribution, etc 2017
270 ## - ADDRESS
City Hyderabad
Address 4-4-309/316, Giriraj Lane, Sultan Bazar
Postal code 500095
300 ## - PHYSICAL DESCRIPTION
Extent 381p.
Dimensions 24cm(pbk)
942 ## - ADDED ENTRY ELEMENTS (KOHA)
Source of classification or shelving scheme Dewey Decimal Classification
Item type English Books
Classification part 620.0046
Call number suffix KIR
Holdings
Withdrawn status Lost status Not for loan Collection code Home library Current library Date acquired Source of acquisition Cost, normal purchase price Full call number Barcode Copy number Cost, replacement price Koha item type
      Non-fiction Patel Nagar Patel Nagar 01/06/2022 DBAD/PUB 350.00 620.0046 KIR EN-116444 1 350.00 English Books

© Delhi Public Library
Hit Counter
free hit counter